01152nam a2200241 a 450000100100000000500170001000800410002704000250006808200240009310000230011724500580014026000780019830000290027649000350030550003040034065000360064465000400068065000360072065000450075665000330080165000410083483000350087500000296720250122110128.0090706s1985 dr ac 000 0 spa d aDO-SdBNPbspacBNPHU a305.42097285bC794n1 aCordero, Margarita10aNicaragua :blas mujeres frente al proceso electoral. aSanto Domingo :bAsociación Dominicana de Amistad con Nicaragua,c1985. a53 p. :bretr. ;c21 cm.1 aEdiciones populares feministas a"Estas entrevistas fueron publicadas en el periódico "El Nuevo diario" entre el 29 de octubre y el 3 de noviembre de 1984, en el orden en que aquí son reproducidas. Las entrevistas a Rosa Julia Esquivel María Lourdes Bolaños aparecen por primera vez en esta edición."-- Verso de la portada 4aDerechos de la mujerzNicaragua 4aMujeres en la políticazNicaragua 4aMujeres y socialismozNicaragua 4aMujeresxCondiciones socialeszNicaragua 4aSufragio femeninozNicaragua 4aMujeres como guerrilleraszNicaragua 0aEdiciones populares feministas